El mundo se hace verde
Guardado en:
| Formato: | Texto |
|---|---|
| Materias: | |
| Etiquetas: |
Agregar Etiqueta
Sin Etiquetas, Sea el primero en etiquetar este registro!
|
MARC
| LEADER | 00000 a a2200000 04500 | ||
|---|---|---|---|
| 001 | 18703 | ||
| 003 | |||
| 040 | |||
| 245 | |a El mundo se hace verde | ||
| 650 | |a CAMBIOS CLIMATICOS | ||
| 650 | |a MEDIO AMBIENTE | ||
| 650 | |a EMPLEO | ||
| 773 | |g número 60; páginas 29-32 | ||
| 999 | |c 23841 |d 23841 | ||
